Introducción a la traductología. Autores, textos y comentarios

Tallennettuna:
Bibliografiset tiedot
Päätekijä: Bolaños Cuéllar, Sergio (autor)
Aineistotyyppi: Tuntematon
Kieli:englanti
Julkaistu: Bogotá, Colombia: Universidad Del Rosario, Universidad Nacional de Colombia, 2016
Aiheet:
Tagit: Lisää tagi
Ei tageja, Lisää ensimmäinen tagi!

MARC

LEADER 00000 a2200000 4500
003 CL-VaPUC
005 20220316085048.0
008 220120b2016 ||||| |||| 00| 0 eng d
999 |c 433971  |d 433969 
020 |a 978-9587387858 
040 |c Pontificia Universidad Católica de Valparaíso 
082 7 |a 418.02 BOL 2016  |2 22 
100 |a Bolaños Cuéllar, Sergio  |9 864177  |e autor 
245 |a Introducción a la traductología.  |b Autores, textos y comentarios 
260 |a Bogotá, Colombia:  |b Universidad Del Rosario,   |b Universidad Nacional de Colombia,   |c 2016 
300 |a 462 páginas 
583 |k Cristina María Rojas Aguilar  |c 20220120 
650 0 |a Traducción e interpretación  |9 315998  |x Historia  
650 0 |a Lingüística aplicada   |9 313266 
650 0 |a Traductores  |9 357262 
942 |2 ddc  |c BK 
952 |0 0  |1 0  |2 ddc  |4 0  |6 418_020000000000000_BOL_2016  |7 0  |8 A  |9 580464  |a BIBEDU  |b BIBEDU  |c GEN  |d 2022-01-12  |e 3  |g 17947.00  |i 5637392  |o 418.02 BOL 2016  |p 5637392  |r 2022-01-12  |t 1  |v 17947.00  |w 2022-01-12  |y BK  |k LIT